00361pab a2200121 454500008004000000100002500040245010000065260000900165300001400174362000800188650002300196773002000219180718b2007 xxu||||| |||| 00| 0 eng d aNorgaard, Kari Marie aThe politics of invasive weed management: gender, race, and risk perception in rural California c2007 ap.450-77. aSep aBiological effects aRural Sociology